[Event "Abierto Inter.  "Ciudad de Sevilla""]
[Site "?"]
[Date "2013.01.13"]
[Round "?"]
[White "GONZALEZ GALVAN, Juan Manuel"]
[Black "GONZALEZ PEREZ, Arian"]
[Result "1-0"]
[WhiteElo "2249"]
[BlackElo "2479"]
[Annotator ",Galvan"]
[PlyCount "77"]
[EventDate "2013.01.18"]

{Opta a Premio de Belleza} 1. e4 e6 2. d3 d5 3. Bd2 {Esta es una linea casera
que aunque se juega poco mi intencion es llegar a un esquema gran prix donde
suelo encontrarme agusto.} Nf6 4. Nc3 b6 5. Nge2 {Intento mantenerme en la
idea inicial y mi plan es mantener los peones en e4 y otro en f4 , teniendo
control del centro} (5. g3 Bb7 6. Bg2 Be7 7. e5 $11) 5... Bb7 6. Ng3 h5 7. h4
$5 {Un peon que junto con el peon de f seran claves en la partida, ademas de
parar el peon de h lo deja debil} Bd6 {Mi rival pretende debilitarme con f4
pero lo que el no sabia es que era mi jugada desde los origenes de Ad2} 8. f4
$1 {Para mi gusto esta es buena y peon que se convertira en el protagonista de
la contienda. Mi plan es comerme el peon de h y montar un fuerte ataque en el
franco de rey} Bc5 {
Aprovechando las casillas debiles que ha dejado el avance del peon de f} 9. Qf3
$1 {Despues de pensar mucho y tomando riesgos decido por esta jugada que a mi
parece es buena y fuerza la siguiente continuacion} Nc6 10. e5 Ng4 (10... Nd4
11. Qd1 Ng4 12. Nxh5 Nxc2+ 13. Qxc2 Bf2+ 14. Ke2 Rxh5 15. Nb5 Kd7 $11) 11. Nxh5
$1 {Pese a que el fritz la considera dudosa a la larga se va dando cuenta de
la profundidad tactica de la jugada} Nf2 (11... Bf2+ 12. Kd1 Rxh5 13. Qxg4 Rxh4
14. Rxh4 Qxh4 $11) 12. Nxg7+ Kf8 13. f5 $3 {Para mi gusto la jugada de la
partida y fruto de la conbinacion nacida con Df3. No solo sera decisivo en el
desenlace de la partida sino amenaza de inmediato abrir la columna f con
consecuencias graves para el negro, tambien amenaza avanza y quedarse como
cuña en el puesto de vigilancia f6 y ademas deja  una casilla importante para
la dama blanca.} Nd4 14. Qf4 Nxc2+ 15. Ke2 Kxg7 {De las tres piezas que tiene
para comer se decide por el caballo debido a la amenaza Cxe6} 16. Rc1 Nxh1 (
16... Nd4+ 17. Kxf2 Nxf5+ 18. Ke1 Rxh4 19. Rxh4 Qxh4+ 20. Qxh4 Nxh4 21. Na4 $13
) (16... Ba6 17. Rxc2 Bxd3+ 18. Ke1 Bxc2 19. f6+ Kf8 20. Rh2 d4 21. Nb5 Ne4 22.
Qg4 Rh7 23. Bh6+ Ke8 24. g3 Rxh6 25. Qg8+ Kd7 26. Qxf7+ Kc8 27. Rxc2 a6 28. Bg2
d3 29. Qxe6+ Kb8 30. Rd2 axb5 31. Bxe4 Ra4 32. Bf3 Bb4 33. Qc6 Ra7 34. a3 (34.
Qxb5 Bxd2+ 35. Kxd2 Rh8) 34... Bxd2+ 35. Kxd2 Rh8 36. f7 Qe7 37. e6 b4 38. a4
Rd8 39. a5 b3 40. Bd5 Qb4+ 41. Kxd3 bxa5 42. Ke2 Ra6 43. Qc4 Qd6 44. Kf2 Rb6
45. Kg2 a4 46. Qe4 Rb4 47. Bc4 $11 {No he analizado todas las lineas siempre
he hido cogiendo las mejores porque es imposible analizar la infinidad de
variantes y temas tacticos pero lo que si es cierto que pese al material de
menos el blancos siempre se sacn recursos debidos a sus peones avanzados}) 17.
f6+ {El peon sigue su camino y se situa inmejorablemente en la casilla f6. El
blanco amenaza ahora con la entrada con la Dama por g7. Dg4 y Dg7} Kf8 18. Rxc2
{El terremoto ha pasado y el blanco se ha quedado con torre de menos pero con
posicion rica en golpes tacticos, es normal que el fritz te ponga que el negro
esta mejor porque tiene torre de mas y no se ve un ataque directo del blanco
pero a la larga se va dando cuenta de la compensacion} Ba6 (18... Rg8 19. g4 (
19. d4 Ng3+ 20. Ke1 Nxf1 21. Qh6+ Ke8 22. Qh7 Rg4 23. dxc5 Nxd2 24. Rxd2 bxc5
25. Qh5 Rg8 26. Ne4 $17) 19... d4 20. Na4 Qd5 21. Nxc5 bxc5 22. Bc1 Ke8 23. b3
a5 24. Ba3 a4 25. Rxc5 Qd7 26. b4 Ra6 $44) 19. b4 {Diagrama #} Nf2 (19... Bf2
20. Qg4 (20. h5) 20... Ke8 21. Qg7 Rf8 22. b5 Bb7 23. g4 Bd4 (23... d4 24. Ne4
Bxh4 25. Bb4 Kd7 26. Rc4 $1 Bd5 27. Bg2 $13 {G. Galvan} Ng3+ {R.Montecatine}
28. Nxg3 Bxg3 29. Be7 Bxg2 30. Rxd4+ Bd5 31. Bxd8 Raxd8 32. Rxd5+ exd5 33. d4
$15) 24. Bf4 Nf2 25. h5 Kd7 26. h6 (26. Be3 Bxe5 27. Bxf2 Bxf6 28. Qh6 Bg5 29.
Qg7 Qf6 30. Qxf6 Bxf6 $19) 26... Qe8 27. h7 Rh8 28. Kf3 Qf8 29. Qxf8 Raxf8 30.
Rxf2 Rxh7 $17) 20. bxc5 $1 {
me hace gracia como los peones f6, h5 y este de c5 son claves} Bxd3+ (20...
Nxd3 21. Qg3 $1 Nxe5+ $8 22. Ke1 Qxf6 $8 23. Bxa6 Rxh4 24. Bg5 $13 {G Galvan}
Rh1+ {R Montecatine} 25. Kd2 Qg7 26. Be7+ (26. Ne2 f6) 26... Kg8 27. Qxg7+ Kxg7
) 21. Kxf2 Bxc2 $44 {Curiosa la posicion resultantes con dos calidades meones
pero los alfiles son mas activos que sus torres y mi peon en f6 domina la
posicion como comente al principio} 22. Qg4 Bg6 23. Bd3 d4 (23... Bxd3 24. Qg7+
Ke8 25. c6 $1 {mate imparable , es evidente el dominio des mis peones} Rf8 26.
Bh6) (23... Qd7 24. Ne2 Ke8 25. c6 $16) (23... Qe8 24. Ne2 bxc5 25. Nf4 $16)
24. Ne2 $1 {Llega la caballeria !!!} Qd5 25. Nf4 Qxa2 26. Nxg6+ $1 {
Ya el negro no tiene nada que hacer mis alfiles destrozaran la fortaleza negra}
fxg6 27. Ke1 $1 Rg8 28. Bh6+ Ke8 {El rey comienza una travesia por el desierto}
(28... Kf7 29. h5 $1 $16 {Os acordais del comentario cuando hice h4 , pues el
peon que parecia inofensivo se convierte en asesino}) 29. Bxg6+ Kd7 30. Qxd4+
Kc6 (30... Qd5 31. c6+ $1 $16 {
Vaya el otro peon dormilon que ha buena hora se levanta}) 31. Be4+ Kb5 32. Qd7+
Ka6 33. Bd3+ Kb7 34. c6+ Kb8 35. Bg7 $1 {Habia otras lineas mas contundente
pero si vi una que ganaba para que gastar mas tiempo de reloj} Qa5+ 36. Kf1
Qa1+ 37. Kf2 Qxe5 38. f7 $1 {fin de su travesia todo comenzo con un inofensivo
f4 quien diria que llegaria a convertirse en una bella dama, ademas de apoyar
la entrada de la dama en e8.} Qf4+ 39. Kg1 {Increible partida para mi gusto
independiente que gane el premio de belleza es la mejor partida que he jugado
en mi vida, se la dedico a mi familia y especialmente a mi novia que han
conseguido recuperar mi juego ademas de incorporarme de nuevo a la vida social
, despues de caer en un gran depresion que creia que no iba a salir nunca.
BENDICIONES} 1-0

[Event "XXXVIII Abierto Internacional "]
[Site "Sevilla (SPAIN)"]
[Date "2013.01.18"]
[Round "8.3"]
[White "LALIC, Bogdan"]
[Black "DUCARMON, Quinten"]
[Result "1/2-1/2"]
[WhiteElo "2484"]
[BlackElo "2405"]
[Annotator "Montecatine,R"]
[PlyCount "33"]
[EventDate "2013.01.11"]

1. d4 d5 2. c4 c6 3. Nc3 dxc4 4. e4 b5 5. a4 b4 6. Nb1 Ba6 7. Qc2 Nf6 8. Nd2 e6
9. Bxc4 Bxc4 10. Qxc4 Be7 11. Ngf3 O-O 12. O-O a5 13. e5 Nd5 14. Ne4 h6 15. Be3
Nxe3 16. fxe3 Qd5 17. Qc2 {Diagrama #} 1/2-1/2

[Event "XXXVIII Abierto Internacional "]
[Site "Sevilla (SPAIN)"]
[Date "2013.01.18"]
[Round "8.9"]
[White "CAMPORA, Daniel H"]
[Black "GONZALEZ GALVAN, Juan Manuel"]
[Result "1-0"]
[WhiteElo "2490"]
[BlackElo "2249"]
[Annotator "Montecatine,R"]
[PlyCount "45"]
[EventDate "2013.01.11"]

1. e4 c5 2. Nf3 Nc6 3. Bb5 g6 4. Bxc6 dxc6 5. d3 Bg7 6. Nc3 c4 7. d4 Bg4 8. Be3
Qb6 9. Qd2 O-O-O 10. O-O-O e5 11. d5 Qa6 12. h3 Bxf3 13. gxf3 cxd5 14. Nxd5 Nf6
15. Ne7+ {Diagrama #} Kb8 $2 (15... Kc7 16. Qc3 $14) 16. Qxd8+ Rxd8 17. Rxd8+
Kc7 18. Rc8+ Kd6 19. Rd1+ Kxe7 20. Bc5+ Ke6 21. Rcd8 Bh6+ (21... Qxa2 22. R8d6+
Ke7 23. Ra6+ $18) 22. Kb1 Qa5 23. R1d6+ (23. R1d6+ Ke7 24. R6d7+ Ke6 25. Re7#)
1-0

[Event "XXXVIII Abierto Internacional "]
[Site "Sevilla (SPAIN)"]
[Date "2013.01.18"]
[Round "8.2"]
[White "GONZALEZ PEREZ, Arian"]
[Black "MATAMOROS FRANCO, Carlos S"]
[Result "0-1"]
[WhiteElo "2473"]
[BlackElo "2538"]
[Annotator "Montecatine,R"]
[PlyCount "80"]
[EventDate "2013.01.11"]

1. d4 Nf6 2. c4 g6 3. Nc3 Bg7 4. e4 d6 5. Nf3 O-O 6. Be2 e5 7. O-O exd4 8. Nxd4
Re8 9. f3 c6 10. Kh1 Nh5 11. g4 Nf6 12. Rg1 a6 13. Rg2 b5 14. a3 bxc4 15. Bxc4
d5 16. exd5 cxd5 17. Ba2 Bb7 18. Re2 Nc6 {Diagrama #} 19. Rxe8+ $2 (19. Be3)
19... Qxe8 $17 20. Nce2 $6 (20. Kg2 $17) (20. Nxc6 Bxc6 21. Kg2 Rd8 $19) 20...
Nxg4 $1 21. Qg1 $6 (21. Kg2 Nxd4 22. Nxd4 Ne3+ 23. Bxe3 Qxe3 $19) (21. fxg4 $2
Qe4+ 22. Kg1 Qxg4+ 23. Kf1 Nxd4 $19) 21... Nxd4 22. Nxd4 Nxh2 $6 (22... Bxd4
23. Qxd4 Qe1+ 24. Qg1 Qe2) 23. Kxh2 Qe5+ 24. Kg2 Qxd4 25. Qxd4 Bxd4 26. Bh6 Rc8
27. Rd1 Bg7 28. Bxg7 Rc2+ 29. Kg3 Kxg7 30. Bxd5 Bxd5 31. Rxd5 Rxb2 32. Rd6 h5
33. Rxa6 g5 34. a4 f6 35. a5 h4+ 36. Kg4 Kg6 37. Rb6 Rg2+ 38. Kh3 Rg3+ 39. Kh2
Rxf3 40. a6 Ra3 0-1

[Event "XXXVIII Abierto Internacional "]
[Site "Sevilla (SPAIN)"]
[Date "2013.01.18"]
[Round "8.8"]
[White "HERRAIZ HIDALGO, Herminio"]
[Black "BARRERO GARCIA, Carlos"]
[Result "0-1"]
[WhiteElo "2488"]
[BlackElo "2350"]
[Annotator "Montecatine,R"]
[PlyCount "76"]
[EventDate "2013.01.11"]

1. d4 Nf6 2. c4 g6 3. Nc3 Bg7 4. e4 d6 5. Be2 O-O 6. Nf3 c5 7. O-O cxd4 8. Nxd4
Nc6 9. Be3 Nxd4 10. Bxd4 Bd7 11. Qd3 Bc6 12. b4 a6 13. a4 a5 14. b5 Be8 15. f4
$14 Nd7 16. Bxg7 Kxg7 17. Qd4+ f6 18. Rad1 Bf7 19. Bg4 Rc8 20. Nd5 e6 21. Ne3
Qb6 22. Bf3 e5 23. fxe5 (23. Qxb6 Nxb6 24. Rxd6 Nxc4 25. Nxc4 Bxc4 $11) 23...
dxe5 $15 24. Qxb6 $6 (24. Qxd7 Qxe3+ 25. Kh1 Rxc4 26. Qxb7 Rxa4 27. b6 $15)
24... Nxb6 $17 25. Bg4 Rc7 26. Rd6 Nxa4 27. Rdxf6 Nc5 28. b6 Rc6 $2 {Diagrama #
} (28... Re7 29. R6f2 Nxe4 $17) 29. R6f2 $2 (29. Rxc6 bxc6 30. Ra1 a4 31. Bd1
Ra8 32. Bxa4 $11) 29... Rxb6 $19 30. Nd5 Rd6 31. Nc3 Rd3 32. Nb5 Nxe4 33. Rc2
Rd2 34. Rcc1 Nc5 35. Rc3 Be8 36. Re1 Bc6 37. Bh3 Nd3 38. Ra1 Nf4 0-1

[Event "XXXVIII Abierto Internacional "]
[Site "Sevilla (SPAIN)"]
[Date "2013.01.18"]
[Round "8.11"]
[White "BRUNO, Fabio"]
[Black "URBINA PEREZ, Juan Antonio"]
[Result "1-0"]
[WhiteElo "2434"]
[BlackElo "2214"]
[Annotator "Montecatine,R"]
[PlyCount "47"]
[EventDate "2013.01.11"]

1. Nf3 Nf6 2. c4 e6 3. g3 b6 4. Bg2 Bb7 5. O-O c5 6. Nc3 Be7 7. d4 cxd4 8. Qxd4
O-O 9. Rd1 Bc5 10. Qh4 Qe7 11. b3 d5 12. Na4 Ba3 13. Bxa3 Qxa3 14. Ne5 Nc6 15.
Nxc6 Bxc6 16. Nc3 Rfe8 17. e3 Rac8 $6 (17... Rad8 $14) 18. cxd5 Bxd5 19. Nxd5
exd5 20. Bxd5 Rc2 21. b4 (21. Bc4 Rxa2 22. Rxa2 Qxa2 23. Qf4 Rf8 24. Qc7 g6 25.
Rd4 $16) 21... Nxd5 22. Rxd5 {Diagrama #} Rxa2 $2 (22... h6 $14) 23. Rxa2 Qxa2
24. Qe7 1-0

[Event "XXXVIII Abierto Internacional "]
[Site "Sevilla (SPAIN)"]
[Date "2013.01.18"]
[Round "8.20"]
[White "KHAMRAKULOV, Ibragim S"]
[Black "ESPEJO HAVA, Francisco"]
[Result "1-0"]
[WhiteElo "2509"]
[BlackElo "2037"]
[Annotator "Montecatine,R"]
[PlyCount "73"]
[EventDate "2013.01.11"]

1. e4 e5 2. Nf3 Nc6 3. Bc4 Nf6 4. d3 h6 5. O-O d6 6. a4 g6 7. Be3 Ng4 8. Bd2
Bg7 9. h3 Nf6 10. Nc3 O-O 11. Be3 Qe7 12. Re1 a6 13. Qd2 Kh7 14. Rad1 Bd7 15.
Nh2 Nd4 16. f4 c6 (16... b5 $5) 17. fxe5 dxe5 18. Ne2 b5 19. Ba2 Nxe2+ (19...
c5) 20. Rxe2 c5 21. Qa5 Rfb8 22. Nf3 Ne8 $6 (22... Rc8 $11) 23. Bd5 $16 Ra7 24.
b4 Rc7 25. Bxc5 Rxc5 26. bxc5 Qxc5+ 27. Kh2 f5 28. axb5 axb5 {Diagrama #} 29.
Ra1 $18 Qf8 30. Qa7 Rd8 31. Qb6 Nd6 32. Ra6 Bc8 33. Ra7 fxe4 34. Bxe4 Nxe4 35.
Rxe4 Bf5 36. Rxe5 Bxd3 37. Ree7 1-0

[Event "XXXVIII Abierto Internacional "]
[Site "Sevilla (SPAIN)"]
[Date "2013.01.18"]
[Round "8.1"]
[White "MIRZOEV, Azer"]
[Black "HASLINGER, Stewart G"]
[Result "1/2-1/2"]
[WhiteElo "2547"]
[BlackElo "2535"]
[Annotator "Montecatine,R"]
[PlyCount "113"]
[EventDate "2013.01.11"]

1. d4 d5 2. c4 e6 3. Nc3 Bb4 4. Qa4+ Nc6 5. e3 Nf6 6. Bd2 O-O 7. a3 Bxc3 8.
Bxc3 e5 9. Nf3 (9. dxe5 $5 Ne4 10. Rd1 Nxc3 11. bxc3 Nxe5 12. cxd5) 9... exd4
10. Nxd4 Ne5 11. Nf3 Nxc4 12. Bxc4 dxc4 13. Rd1 Nd5 14. Qxc4 Be6 15. Qd4 Nxc3
16. Qxc3 Qe7 17. Nd4 Bg4 18. Rc1 Qg5 19. Qc5 Qxc5 20. Rxc5 $14 Rac8 (20... c6)
21. f3 b6 22. Rc3 c5 23. fxg4 cxd4 24. exd4 Rcd8 25. Rd3 Rfe8+ 26. Kf2 Re4 27.
Rc1 Rxg4 28. Rc7 Kf8 29. d5 Rg5 30. d6 Rg6 {Diagrama #} 31. Rc6 (31. Rf3 Rdxd6
32. Rfxf7+ Kg8 33. Rfe7 h6 $11) 31... Re6 32. b4 g6 33. b5 Rd7 34. a4 h5 35. g3
Kg7 36. h4 Kf8 37. Kf3 Kg7 38. Kf4 Kf6 39. Rd4 Re5 40. Rc8 Re6 41. Rc7 Rdxd6
42. Rxd6 Rxd6 43. Rxa7 Rd4+ 44. Ke3 Rg4 45. Kf3 Ke6 46. Ra6 Ke5 47. Ra7 Ke6 48.
a5 bxa5 49. Rxa5 Rb4 50. Kg2 f6 51. Kf3 g5 52. hxg5 fxg5 53. b6 Kf6 54. Ra6 Kf5
55. Ra5+ Kf6 56. Ra6 Kf5 57. Ra5+ 1/2-1/2

[Event "XXXVIII Abierto Internacional "]
[Site "Sevilla (SPAIN)"]
[Date "2013.01.18"]
[Round "8.4"]
[White "BARUA, Dibyendu"]
[Black "FERNANDEZ ROMERO, Ernesto"]
[Result "1/2-1/2"]
[WhiteElo "2413"]
[BlackElo "2480"]
[Annotator "Montecatine,R"]
[PlyCount "71"]
[EventDate "2013.01.11"]

1. e4 e6 2. d4 d5 3. Nd2 Nf6 4. e5 Nfd7 5. Bd3 c5 6. c3 Nc6 7. Ne2 Rb8 8. O-O
b5 9. f4 g6 10. Nf3 Qb6 11. g4 h5 12. h3 b4 13. Kg2 hxg4 14. hxg4 Ba6 15. Bxa6
(15. f5) 15... Qxa6 $15 16. f5 gxf5 17. gxf5 bxc3 18. bxc3 exf5 19. Nf4 Rg8+
20. Kf2 Qc4 (20... cxd4 21. cxd4 Nb4) 21. Qd3 Qxd3 22. Nxd3 cxd4 (22... Rg4)
23. cxd4 Nb4 24. Nxb4 Bxb4 $15 25. Be3 Rg4 26. Rab1 f4 27. Bd2 Bxd2 28. Nxd2 {
Diagrama #} Rg6 (28... Rb6) 29. Rfc1 $11 Rxb1 30. Rc8+ Ke7 31. Nxb1 f6 32. Rc6
Rg5 33. Nc3 fxe5 34. Nxd5+ Kf7 35. dxe5 Rxe5 36. Nxf4 1/2-1/2

[Event "XXXVIII Abierto Internacional "]
[Site "Sevilla (SPAIN)"]
[Date "2013.01.18"]
[Round "8.5"]
[White "KOMLJENOVIC, Davorin"]
[Black "ROY CHOWDHURY, Saptarshi"]
[Result "0-1"]
[WhiteElo "2393"]
[BlackElo "2451"]
[Annotator "de,Universidad"]
[PlyCount "152"]
[EventDate "2013.01.11"]

1. Nf3 c5 2. c4 Nc6 3. d4 cxd4 4. Nxd4 g6 5. e4 Bg7 6. Be3 Nf6 7. Nc3 O-O 8.
Be2 b6 9. O-O Bb7 10. Qd2 Nxd4 11. Bxd4 e5 12. Bxe5 Nxe4 13. Nxe4 Bxe5 14. Nd6
Bxd6 15. Qxd6 Qg5 16. f3 Bc6 17. Rf2 Rfe8 18. Rd1 Re6 19. Qd2 Qe7 20. b4 Rd8
21. b5 Bb7 22. f4 (22. Bf1) 22... Be4 23. Bf3 (23. Bg4 f5 24. Be2) 23... Bxf3
24. Rxf3 Re2 25. Qd6 (25. Qd5) 25... Qxd6 26. Rxd6 Rxa2 (26... Rc8) 27. Rfd3 (
27. f5) 27... Re8 28. Rd2 Re1+ 29. Kf2 Rxd2+ 30. Rxd2 Re4 31. Kf3 Rxc4 32. Rxd7
h5 33. Rxa7 Rc5 34. Rb7 Rxb5 35. Ke4 Kg7 36. g3 Rb2 37. h3 Kf6 38. g4 Rb3 39.
g5+ Ke6 40. h4 Rb4+ 41. Ke3 f6 42. Rg7 Kf5 43. Rf7 Re4+ 44. Kd3 Re6 45. Kc4
Kxf4 46. Rxf6+ Ke5 47. Rf1 Rd6 48. Kb5 Rd4 49. Rf6 Rxh4 50. Rxg6 Kf5 51. Rxb6
Kxg5 52. Kc5 Re4 53. Kd5 Re8 54. Rb7 h4 55. Rg7+ Kf4 56. Rf7+ Kg3 57. Rg7+ Kh2
58. Kd4 Re1 59. Kd3 Rg1 60. Rf7 Rg2 61. Ke3 h3 62. Rh7 Rg8 63. Kf2 Rf8+ 64. Ke2
Rg8 65. Kf2 Rf8+ 66. Ke2 Kg2 67. Rg7+ Kh1 68. Rg6 Ra8 69. Kf2 Ra2+ 70. Kf1 Rg2
71. Rf6 Kh2 72. Rf2 Kh1 73. Rf3 Kh2 (73... h2 74. Rf7) 74. Rf2 Kg3 {Diagrama #}
75. Rxg2+ $2 hxg2+ 76. Kg1 Kf3 0-1

[Event "XXXVIII Abierto Internacional "]
[Site "Sevilla (SPAIN)"]
[Date "2013.01.18"]
[Round "8.6"]
[White "BELEZKY, Alexander"]
[Black "ESTREMERA PANOS, Sergio"]
[Result "1-0"]
[WhiteElo "2427"]
[BlackElo "2367"]
[Annotator "Montecatine,R"]
[PlyCount "69"]
[EventDate "2013.01.11"]

1. Nf3 c5 2. g3 g6 3. Bg2 Bg7 4. d3 Nc6 5. O-O e5 6. c4 Nge7 7. Nc3 d6 8. Rb1
O-O 9. a3 a5 10. Bd2 Be6 11. Ng5 Bg4 12. h3 Bc8 13. Nd5 Nxd5 14. cxd5 Ne7 15.
b4 cxb4 16. axb4 a4 17. e4 h6 18. Nf3 f5 19. b5 (19. Qc1) 19... g5 20. Ne1 f4
21. Nc2 Ng6 22. Kh2 Qf6 23. Bf3 Bd7 24. Na3 Ne7 (24... Qe7) 25. Rc1 {Diagrama #
} Rf7 (25... Rfc8) 26. Rc7 $16 Ng6 (26... Bc8 $16) 27. Rxb7 $18 Raf8 28. Bg4 (
28. Nc4 $18 h5 29. gxf4 Nxf4 30. Bxh5) 28... fxg3+ 29. Kxg3 $16 Bxg4 30. Rxf7
Rxf7 31. Qxg4 Nh4 (31... Nf4 32. Be3 Nxd3 33. Kh2 $16) 32. Be3 $18 Qg6 33. Rc1
h5 34. Qe6 Bf6 35. Rc7 1-0

[Event "XXXVIII Abierto Internacional "]
[Site "Sevilla (SPAIN)"]
[Date "2013.01.18"]
[Round "8.7"]
[White "RZAYEV, Bahruz"]
[Black "POGORELOV, Ruslan"]
[Result "1-0"]
[WhiteElo "2370"]
[BlackElo "2409"]
[Annotator "Montecatine,R"]
[PlyCount "79"]
[EventDate "2013.01.11"]

1. c4 c5 2. Nc3 g6 3. g3 Bg7 4. Bg2 Nc6 5. d3 e6 6. e4 Nge7 7. h4 O-O 8. h5 d5
9. hxg6 fxg6 10. Bg5 dxc4 11. dxc4 Qe8 12. Qg4 Qf7 13. f4 e5 14. Qh4 h5 15.
Nge2 Bg4 16. O-O Bxe2 17. Nxe2 Qxc4 18. Nc3 Rae8 19. f5 gxf5 20. Qxh5 Qf7 21.
Qh3 f4 22. gxf4 exf4 23. Bxf4 Bd4+ 24. Kh1 Qh7 25. Bd6 Qxh3+ 26. Bxh3 Rxf1+ 27.
Rxf1 Ng6 28. Bf5 Nh4 (28... Nge5) 29. Bd7 Rd8 30. Be6+ Kg7 31. Nb5 {Diagrama #}
Rh8 (31... a6 32. Nc7 Rh8 $14) 32. Nxd4 $16 Nf5+ 33. Kg1 Nfxd4 34. Bd5 b6 35.
b4 Re8 36. bxc5 b5 37. Rf7+ Kg6 38. Rc7 Ne5 39. Rxa7 Nc4 40. Bf7+ 1-0

[Event "XXXVIII Abierto Internacional "]
[Site "Sevilla (SPAIN)"]
[Date "2013.01.18"]
[Round "8.10"]
[White "ARANAZ MURILLO, Amalia"]
[Black "DAS, Arghyadip"]
[Result "1/2-1/2"]
[WhiteElo "2251"]
[BlackElo "2466"]
[Annotator "Montecatine,R"]
[PlyCount "85"]
[EventDate "2013.01.11"]

1. Nf3 d5 2. c4 e6 3. g3 Nf6 4. Bg2 g6 5. O-O Bg7 6. d4 O-O 7. Nc3 Nbd7 8. b3
b6 9. cxd5 exd5 10. Bb2 Bb7 11. Rc1 a6 12. Qc2 Re8 13. Rfd1 c5 14. dxc5 bxc5
15. Ne1 Nb6 16. Nd3 Qe7 (16... Rc8) 17. Ba3 $16 Rac8 18. e3 (18. Bxc5 Rxc5 19.
Nxc5 Qxc5 20. Nxd5 Qxc2 21. Nxf6+ Bxf6 22. Rxc2 $16) 18... Bf8 (18... d4) 19.
Bxc5 Rxc5 20. Nxc5 Qxc5 21. Nxd5 Bxd5 22. Qxc5 Bxc5 23. Rxc5 Bxg2 24. Kxg2 $18
Re6 25. Rdc1 Nfd7 26. Ra5 (26. Rc6) 26... Nb8 27. Rd1 Kg7 28. Rc5 Re7 29. Rdc1
Kf8 30. Rc7 Rxc7 31. Rxc7 N6d7 32. b4 h6 33. Rc8+ Ke7 34. f4 Kd6 35. Kf3 Nc6
36. a3 a5 37. h4 (37. bxa5 Nxa5 38. e4 $18) 37... Nf6 (37... axb4 38. axb4 h5
$16 (38... Nxb4 39. h5 gxh5 40. Rh8 $18)) 38. Rf8 Ke7 39. Ra8 Kd7 40. Ra6 Nd5
41. Ra8 Nf6 42. Ra6 Nd5 43. Ra8 {Diagrama #} 1/2-1/2

[Event "XXXVIII Abierto Internacional "]
[Site "Sevilla (SPAIN)"]
[Date "2013.01.18"]
[Round "8.12"]
[White "MUNOZ MARTIN, Pablo"]
[Black "KJARTANSSON, Gudmundur"]
[Result "0-1"]
[WhiteElo "2229"]
[BlackElo "2408"]
[Annotator "Montecatine,R"]
[PlyCount "156"]
[EventDate "2013.01.11"]

1. Nf3 Nf6 2. g3 b6 3. Bg2 Bb7 4. O-O g6 5. c4 Bg7 6. d4 O-O 7. Nc3 Ne4 8. Nxe4
Bxe4 9. b3 a5 10. Bb2 d6 11. Qd2 e6 12. h4 Nd7 13. Ng5 Bxg2 14. Kxg2 a4 15. c5
$2 dxc5 16. dxc5 Nxc5 17. Qxd8 Rfxd8 18. Bxg7 Kxg7 19. b4 Na6 20. Rfc1 h6 21.
Nf3 Rd5 22. Rc6 Rad8 23. a3 Rb5 24. Rac1 e5 25. R1c4 Rd1 26. Re4 f6 27. h5 g5
28. Kh3 Ra1 29. Kg4 Rxa3 30. Kf5 Rxf3+ 31. exf3 a3 32. Rc3 a2 33. Ra3 Nxb4 34.
Ra7 Nd5 35. Ke6 Rc5 36. Rxa2 Nc3 37. Rd2 Rc6+ 38. Kd7 Nxe4 39. fxe4 Rc4 40. Ke6
Rd4 41. Rc2 Rd6+ 42. Ke7 b5 43. Rxc7 Rb6 44. Rc3 g4 45. Kd7 Kf7 46. Rb3 b4 47.
Kc7 Rb5 48. Kc6 Rb8 49. Kc7 Rg8 50. Rxb4 Rg5 51. Kd6 Rxh5 52. Rb7+ Kg6 {
Diagrama #} 53. Rb8 $2 (53. Ke6 Rh2 54. Rb2 $11) 53... Rh2 54. Ke6 $2 (54. Rb2
Rh1 55. Ke6 Ra1 56. Rb8 Ra6+ 57. Ke7 Kg7 58. Rb2 Ra8 59. Ke6 Kg6 $17) 54...
Rxf2 55. Rg8+ Kh5 56. Rf8 Rf3 57. Rxf6 Kg5 58. Rf5+ Rxf5 59. exf5 e4 60. f6 e3
61. f7 e2 62. f8=Q e1=Q+ 63. Kd5 Qd2+ 64. Ke4 Qe2+ 65. Kd4 Qb2+ 66. Ke4 Qg2+
67. Kd4 Qxg3 68. Qg7+ Kh5 69. Qf7+ Kh4 70. Qf6+ Kh3 71. Qxh6+ Kg2 72. Qc1 Qd6+
73. Ke4 Qe6+ 74. Kd4 Qf6+ 75. Ke4 g3 76. Qd1 Qh4+ 77. Ke3 Qh6+ 78. Ke4 Qh7+ 0-1

[Event "XXXVIII Abierto Internacional "]
[Site "Sevilla (SPAIN)"]
[Date "2013.01.18"]
[Round "8.13"]
[White "PISCOPO, Pierluigi"]
[Black "VAN HOOLANDT, Patrick"]
[Result "1-0"]
[WhiteElo "2407"]
[BlackElo "2203"]
[Annotator "Montecatine,R"]
[PlyCount "76"]
[EventDate "2013.01.11"]

1. c4 e6 2. g3 d5 3. Nf3 Nf6 4. b3 d4 5. Bg2 Nc6 6. O-O e5 7. d3 h6 8. e3 Bc5
9. Ba3 Bxa3 10. Nxa3 O-O 11. exd4 exd4 12. Nc2 a5 13. Qd2 Qd6 14. a3 Ng4 15. b4
axb4 16. axb4 Rxa1 17. Rxa1 Nge5 18. Nxe5 Nxe5 19. Ra5 c6 20. Qf4 Re8 21. h4 f6
22. Ra3 g5 (22... Rd8) 23. Qxd4 Qxd4 24. Nxd4 Rd8 25. Ra8 $14 gxh4 (25... Rxd4
26. Rxc8+ Kf7 27. Rc7+ Ke6 $14) 26. Nf5 $16 hxg3 27. fxg3 Kf8 28. Be4 h5 29. c5
{Diagrama #} Nxd3 (29... Nf7) 30. Bxd3 Rxd3 31. Rxc8+ Kf7 32. Rc7+ Ke6 33. Ng7+
Ke5 34. Nxh5 Kf5 35. Kf2 Rb3 36. Rxb7 Rb2+ 37. Kf3 Kg5 38. Nf4 Rb3+ 1-0

[Event "XXXVIII Abierto Internacional "]
[Site "Sevilla (SPAIN)"]
[Date "2013.01.18"]
[Round "8.14"]
[White "SANTOS RUIZ, Miguel"]
[Black "TERAN ALVAREZ, Ismael"]
[Result "0-1"]
[WhiteElo "2078"]
[BlackElo "2399"]
[Annotator "de,Universidad"]
[PlyCount "50"]
[EventDate "2013.01.11"]

1. e4 g6 2. d4 Bg7 3. Nc3 c6 4. f4 d5 5. e5 Qb6 6. Be2 Nh6 7. Nf3 Bg4 8. Na4
Qc7 9. Nc5 Nf5 10. c3 e6 11. O-O Bf8 12. Nd3 c5 13. Qa4+ Nd7 14. Nxc5 Bxc5 15.
dxc5 Qxc5+ 16. Kh1 h5 17. Bd3 h4 18. Bxf5 gxf5 19. Nd4 h3 20. g3 a6 21. Be3 Qc4
22. Qxc4 dxc4 23. b4 cxb3 24. axb3 Rc8 25. Rfc1 {Diagrama # Ilegible} O-O 0-1